| 000 | 01722nam0a22003731 4500 | ||
|---|---|---|---|
| 001 | GAK\3366872 | ||
| 005 | 20260405115718.0 | ||
| 010 |
_bВ пер. _d10 р. 50 к. _930000 |
||
| 021 |
_aRU _b[84-2940и] |
||
| 035 | _a(NLR Aleph) 011341373 | ||
| 090 |
_a11194840 _c11194840 |
||
| 100 | _a20170307d1984 |||y0rusy50 ca | ||
| 101 | 0 |
_arus _aeng |
|
| 102 | _aRU | ||
| 105 | _aac z|||||||| | ||
| 200 | 1 |
_aАлексей Кондратьевич Саврасов _dAlexei Savrasov _e[альбом репродукций] _fФ.С. Мальцева |
|
| 210 |
_aЛенинград _cХудожник РСФСР _d1984 |
||
| 215 |
_a191 с. _cил., цв. ил. _d29 |
||
| 225 | 1 | _aРусские живописцы XIX века | |
| 300 | _aНа переплете автор не указан | ||
| 300 | _aЧасть текста на англ. яз. | ||
| 320 | _aБиблиогр.: с. 65 и библиогр. в примеч.: с. 65 | ||
| 510 | 1 |
_aAlexei Savrasov _zeng |
|
| 540 | 1 | _aСаврасов Алексей Кондратьевич | |
| 600 | 0 | 1 |
_aСаврасов _bА.К. _f1830 - 1897 _gАлексей Кондратьевич _jАльбомы _91062862 _3RU\NLR\AUTH\66412681 |
| 606 | 1 |
_aПейзаж в русской живописи _z19 в. _92210360 _3RU\NLR\AUTH\661327813 |
|
| 686 | 0 |
_aЩ143(2=Р)52-8Саврасов _2rubbk |
|
| 700 | 1 |
_aМальцева _bФ.С. _gФаина Сергеевна |
|
| 702 | 1 |
_4570 _8rus _7ca _aСаврасов _bА. К. _cхудожник _f1830-1897 _gАлексей Кондратьевич _3RU\NLR\AUTH\7746049 _928984 |
|
| 801 | 0 |
_aRU _bNLR _c20170307 _gpsbo |
|
| 801 | 1 |
_aRU _bNLR _c20170307 _2rusmarc |
|
| 852 |
_aNLR _bЭ _jАлИс590/2-С136,2 |
||
| 942 | _cBOOK | ||
| 980 | _aNB | ||